[Event "Bicaz City Cup 2020"]
[Site "Bicaz"]
[Date "2020.03.07"]
[Round "5.16"]
[White "Madin, Ovidiu-Andrei"]
[Black "Ienasoaie, Rafael"]
[Result "0-1"]
[WhiteElo "1687"]
[BlackElo "1883"]
[Annotator "NA RC"]
[PlyCount "102"]
[EventDate "2020.03.05"]
[EventType "swiss"]
[EventCountry "ROU"]
[SourceTitle "playchess.com"]
[Source "ChessBase"]
[SourceQuality "1"]
[TimeControl "5400+30"]

1. e4 {[%emt 0:00:00]} c5 {[%emt 0:00:00]} 2. Nf3 {[%emt 0:00:00]} d6 {[%emt 0:00:00]} 3. d4 {[%emt 0:00:00]} cxd4 {[%emt 0:00:05]} 4. Nxd4 {[%emt 0:00:00]} Nf6 {[%emt 0:00:24]} 5. Nc3 {[%emt 0:00:33]} a6 {[%emt 0:00:13]} 6. a4 {[%emt 0:00:44]} e5 {[%emt 0:00:48]} 7. Nf5 {[%emt 0:01:24]} Bxf5 {[%emt 0:01:41]} 8. exf5 {[%emt 0:00:01]} d5 {[%emt 0:00:21]} 9. Qe2 {[%emt 0:00:12]} Nc6 {[%emt 0:00:38]} 10. g4 {[%emt 0:00:10]} d4 {[%emt 0:02:57]} 11. Ne4 {[%emt 0:03:31]} Nxe4 {[%emt 0:04:45]} 12. Qxe4 $17 {[%emt 0:00:03]} Be7 {[%emt 0:00:18]} 13. Bc4 {[%emt 0:00:42]} Qd6 {[%emt 0:02:07]} 14. O-O {[%emt 0:01:04]} g5 {[%emt 0:18:11]} 15. fxg6 {[%emt 0:02:14]} Qxg6 {[%emt 0:00:12]} 16. Qxg6 {[%emt 0:02:17]} hxg6 {[%emt 0:01:13]} 17. c3 {[%emt 0:00:44]} f5 {[%emt 0:00:42]} 18. cxd4 {[%emt 0:00:25]} Nxd4 {[%emt 0:00:08]} 19. Be3 {[%emt 0:00:29]} Nf3+ {[%emt 0:00:18]} 20. Kg2 {[%emt 0:00:09]} fxg4 {[%emt 0:00:28]} 21. Rh1 {[%emt 0:00:21]} Rh3 {[%emt 0:01:45]} 22. Be6 {[%emt 0:00:47]} Nh4+ {[%emt 0:00:09]} 23. Kf1 {[%emt 0:00:08]} Nf5 {[%emt 0:00:06]} 24. Bb6 {[%emt 0:00:33]} Bd6 {[%emt 0:01:33]} 25. Bd5 Ke7 {[%emt 0:00:11]} 26. Rg1 {[%emt 0:04:13]} Rh4 {[%emt 0:01:12]} 27. Re1 {[%emt 0:00:08]} Kf6 {[%emt 0:00:32]} 28. Re4 {[%emt 0:00:26]} Nh6 {[%emt 0:01:55]} 29. f3 {[%emt 0:01:43]} Rxh2 {[%emt 0:00:45]} 30. Rexg4 {[%emt 0:00:26]} Nxg4 {[%emt 0:00:06]} 31. Rxg4 {[%emt 0:00:07]} Rxb2 {[%emt 0:00:10]} 32. Be3 {[%emt 0:00:22]} Rh8 {[%emt 0:00:27]} 33. Kg1 {[%emt 0:02:11]} Re2 {[%emt 0:00:31]} 34. Bf2 {[%emt 0:00:23]} Rc8 {[%emt 0:00:18]} 35. Kf1 {[%emt 0:02:13]} Rd2 {[%emt 0:00:07]} 36. Bh4+ {[%emt 0:02:24]} Kg7 {[%emt 0:00:11]} 37. Bc4 {[%emt 0:01:35]} b5 {[%emt 0:00:21]} 38. axb5 {[%emt 0:00:13]} axb5 {[%emt 0:00:06]} 39. Be2 {[%emt 0:00:20]} Rcc2 {[%emt 0:00:26]} 40. Re4 {[%emt 0:00:45]} b4 {[%emt 0:00:17]} 41. Be1 {[%emt 0:01:00]} Rc1 {[%emt 0:00:17]} 42. Rc4 {[%emt 0:00:52]} Rxc4 {[%emt 0:00:08]} 43. Bxc4 {[%emt 0:00:13]} Rc2 {[%emt 0:00:15]} 44. Bb3 {[%emt 0:01:26]} Rb2 {[%emt 0:00:06]} 45. Bd5 {[%emt 0:00:03]} b3 {[%emt 0:00:07]} 46. f4 {[%emt 0:00:36]} Rb1 {[%emt 0:00:10]} 47. Ke2 {[%emt 0:00:05]} b2 {[%emt 0:00:12]} 48. Be4 {[%emt 0:00:31]} Ra1 {[%emt 0:00:13]} 49. Bc3 {[%emt 0:00:36]} b1=Q {[%emt 0:00:13]} 50. Bxb1 {[%emt 0:00:21]} Rxb1 {[%emt 0:00:08]} 51. fxe5 {[%emt 0:00:02]} Be7 {[%emt 0:00:11]} 0-1

[Event "Bicaz City Cup 2020"]
[Site "Bicaz"]
[Date "2020.03.07"]
[Round "5.17"]
[White "Chiprian, Ionel"]
[Black "Maria, Lia-Alexandra"]
[Result "1-0"]
[WhiteElo "1861"]
[BlackElo "1547"]
[Annotator "NA RC"]
[PlyCount "99"]
[EventDate "2020.03.05"]
[EventType "swiss"]
[EventCountry "ROU"]
[SourceTitle "playchess.com"]
[Source "ChessBase"]
[SourceQuality "1"]
[TimeControl "5400+30"]

1. c4 {[%emt 0:00:09]} e5 {[%emt 0:00:00]} 2. Nc3 {[%emt 0:00:10]} Nf6 {[%emt 0:00:33]} 3. g3 {[%emt 0:00:37]} c6 {[%emt 0:02:04]} 4. Nf3 {[%emt 0:00:49]} e4 {[%emt 0:01:32]} 5. Ng5 {[%emt 0:03:07]} d5 {[%emt 0:00:26]} 6. cxd5 {[%emt 0:00:35] A23: English Opening: 1...e5 2 Nc3 Nf6 3 g3 c6.} cxd5 {[%emt 0:00:28]} 7. d4 {[%emt 0:05:05]} Nc6 {[%emt 0:03:22]} 8. Nh3 {[%emt 0:01:16] [#]} Bb4 $146 {[%emt 0:01:32]} ({Predecessor:} 8... h6 9. Bg2 Bb4 10. O-O O-O 11. a3 Bxc3 12. bxc3 Bf5 13. f4 Re8 14. e3 Bg4 {1-0 (64) Ziegler,U (1751)-Mayeres,H (1899) Neustadt 2017}) 9. Bg5 {[%emt 0:01:54]} O-O {[%emt 0:10:48]} 10. Bg2 {[%emt 0:01:27]} h6 {[%emt 0:01:30]} 11. Bxf6 {[%emt 0:05:41]} Qxf6 {[%emt 0:01:13]} 12. e3 {[%emt 0:00:08]} Rd8 {[%emt 0:00:47]} 13. O-O {[%emt 0:00:41]} Na5 {[%emt 0:05:12]} 14. Nf4 {[%emt 0:02:12]} Bxc3 {[%emt 0:01:15]} 15. bxc3 {[%emt 0:00:14]} Nc4 {[%emt 0:01:17]} 16. Qe2 {[%emt 0:03:58]} Bf5 {[%emt 0:03:04]} 17. Nxd5 {[%emt 0:00:50]} Rxd5 {[%emt 0:01:54]} 18. Qxc4 {[%emt 0:00:10]} Rad8 {[%emt 0:00:59]} 19. Qb4 {[%emt 0:01:30]} b5 {[%emt 0:00:55]} 20. a4 {[%emt 0:00:25]} a6 {[%emt 0:01:31]} 21. axb5 {[%emt 0:00:04]} axb5 {[%emt 0:02:40]} 22. Ra5 {[%emt 0:00:13]} Qc6 {[%emt 0:02:05]} 23. Rc1 {[%emt 0:00:37]} Rc8 {[%emt 0:01:19]} 24. Bf1 {[%emt 0:00:59]} Bd7 {[%emt 0:01:39]} 25. Qb1 {[%emt 0:03:34]} Rh5 $18 {[%emt 0:02:28]} 26. c4 {[%emt 0:02:18]} Qc7 {[%emt 0:01:35]} 27. Qa1 {[%emt 0:01:19]} Be6 {[%emt 0:02:11]} 28. d5 {[%emt 0:02:00]} Bxd5 {[%emt 0:03:17]} 29. Rxb5 {[%emt 0:00:10]} Rg5 {[%emt 0:00:53]} 30. Qd4 {[%emt 0:01:28]} Qc6 {[%emt 0:02:02]} 31. Rbb1 {[%emt 0:07:05]} Be6 {[%emt 0:01:11]} 32. Bg2 {[%emt 0:00:48]} Bf5 {[%emt 0:03:13]} 33. Rb6 {[%emt 0:00:26]} Qc7 {[%emt 0:00:20]} 34. Rd6 {[%emt 0:00:23]} Bg6 {[%emt 0:02:08]} 35. Rd7 {[%emt 0:01:39]} Qc6 {[%emt 0:01:53]} 36. Rd8+ {[%emt 0:00:57]} Rxd8 {[%emt 0:00:10]} 37. Qxd8+ {[%emt 0:00:05]} Kh7 {[%emt 0:00:05]} 38. Qd4 {[%emt 0:00:11]} Rc5 {[%emt 0:00:28]} 39. Bf1 {[%emt 0:00:46]} Bh5 {[%emt 0:03:16]} 40. Ra1 {[%emt 0:00:21]} Bf3 {[%emt 0:00:57]} 41. Rc1 {[%emt 0:00:32]} h5 {[%emt 0:06:16]} 42. Bg2 {[%emt 0:07:19]} h4 {[%emt 0:03:09]} 43. Bxf3 {[%emt 0:01:43]} exf3 {[%emt 0:00:21]} 44. Qxh4+ {[%emt 0:00:12]} Kg8 {[%emt 0:00:24]} 45. Qg4 {[%emt 0:03:33]} Qd5 {[%emt 0:01:07]} 46. h4 {[%emt 0:02:10]} Qd2 {[%emt 0:00:25]} 47. Rf1 {[%emt 0:00:15]} Qe2 {[%emt 0:00:10]} 48. Ra1 {[%emt 0:03:00]} g6 {[%emt 0:02:46]} 49. Qd4 {[%emt 0:00:21]} Ra5 {[%emt 0:01:39]} 50. Qg4 1-0

[Event "Bicaz City Cup 2020"]
[Site "Bicaz"]
[Date "2020.03.07"]
[Round "5.18"]
[White "Pitigoi, Sabina-Andreea"]
[Black "Tablan, Matei-Christian"]
[Result "0-1"]
[WhiteElo "1687"]
[BlackElo "1858"]
[Annotator "NA RC"]
[PlyCount "154"]
[EventDate "2020.03.05"]
[EventType "swiss"]
[EventCountry "ROU"]
[SourceTitle "playchess.com"]
[Source "ChessBase"]
[SourceQuality "1"]
[TimeControl "5400+30"]

1. Nf3 {[%emt 0:00:00]} c5 {[%emt 0:00:02]} 2. c4 {[%emt 0:01:19]} e6 {[%emt 0:00:44]} 3. Nc3 {[%emt 0:00:47]} Nc6 {[%emt 0:03:55]} 4. g3 {[%emt 0:02:11]} g6 {[%emt 0:02:42]} 5. Bg2 {[%emt 0:02:00]} Bg7 {[%emt 0:01:05]} 6. O-O {[%emt 0:01:54]} Nge7 {[%emt 0:00:57]} 7. d3 {[%emt 0:04:25]} d6 {[%emt 0:13:26] A37: Symmetrical English vs ...g6: 4 Bg2 Bg7 5 Nf3.} 8. Bd2 {[%emt 0:01:48]} O-O {[%emt 0:00:20]} 9. a3 {[%emt 0:01:24]} a6 {[%emt 0:15:22] [#]} 10. Qc2 $146 {[%emt 0:04:30]} ({Predecessor:} 10. Rb1 Rb8 11. b4 cxb4 12. axb4 b5 13. cxb5 axb5 14. Ne1 Bd7 15. Nc2 Rb6 16. Ne4 Qc7 17. e3 f5 18. Nc3 Rc8 {1-0 (61) Riazantsev,A (2596)-Mamedyarov,S (2657) Moscow 2005}) 10... Rb8 {[%emt 0:03:18]} 11. Rfb1 {[%emt 0:15:11]} b5 {[%emt 0:27:48]} 12. cxb5 {[%emt 0:01:30]} axb5 {[%emt 0:00:21]} 13. b4 {[%emt 0:00:40]} c4 {[%emt 0:05:13]} 14. a4 {[%emt 0:06:40]} cxd3 {[%emt 0:02:09]} 15. Qxd3 {[%emt 0:00:19]} bxa4 {[%emt 0:00:08]} 16. Rxa4 {[%emt 0:00:13]} Ne5 {[%emt 0:02:07]} 17. Nxe5 {[%emt 0:01:53]} Bxe5 {[%emt 0:00:06]} 18. b5 {[%emt 0:05:55]} d5 {[%emt 0:01:29]} 19. Be3 {[%emt 0:10:17]} Bd7 {[%emt 0:01:37]} 20. Rab4 {[%emt 0:02:06]} Qa5 {[%emt 0:08:28]} 21. Bd4 {[%emt 0:07:27]} Bxd4 {[%emt 0:01:50]} 22. Qxd4 {[%emt 0:01:47]} Rfc8 {[%emt 0:03:19]} 23. e4 {[%emt 0:03:57]} Qc7 {[%emt 0:00:30]} 24. R4b3 {[%emt 0:01:26]} e5 {[%emt 0:02:24]} 25. Qb4 {[%emt 0:02:41]} d4 {[%emt 0:00:10]} 26. Qxe7 {[%emt 0:08:53]} dxc3 {[%emt 0:00:03]} 27. Rc1 {[%emt 0:00:33]} Bxb5 {[%emt 0:03:24]} 28. Qxc7 {[%emt 0:00:44]} Rxc7 {[%emt 0:00:00]} 29. Rbxc3 {[%emt 0:00:12]} Rxc3 {[%emt 0:00:23]} 30. Rxc3 {[%emt 0:00:04]} Be2 {[%emt 0:00:15]} 31. Rc1 {[%emt 0:01:39]} Rb4 {[%emt 0:00:29]} 32. Re1 {[%emt 0:01:02]} Bd3 {[%emt 0:00:07]} 33. f4 {[%emt 0:01:49]} exf4 {[%emt 0:00:50]} 34. gxf4 {[%emt 0:00:11]} f5 {[%emt 0:00:32]} 35. exf5 {[%emt 0:00:54]} Bxf5 {[%emt 0:01:02]} 36. Rf1 {[%emt 0:02:25]} Kg7 {[%emt 0:00:30]} 37. Rf2 {[%emt 0:01:35]} Bg4 {[%emt 0:00:32]} 38. h3 {[%emt 0:00:56]} Bf5 {[%emt 0:00:06]} 39. Kh2 {[%emt 0:00:51]} Kf6 {[%emt 0:00:53]} 40. Kg3 {[%emt 0:01:21]} Rc4 {[%emt 0:00:34]} 41. Rf1 {[%emt 0:01:31]} Be6 {[%emt 0:00:35]} 42. Rf2 {[%emt 0:00:30]} Kf5 {[%emt 0:00:26]} 43. Rf1 {[%emt 0:01:11]} Rc3+ {[%emt 0:00:20]} 44. Rf3 {[%emt 0:00:25]} Rc2 {[%emt 0:00:04]} 45. Ra3 {[%emt 0:01:41]} Rc5 {[%emt 0:00:29]} 46. Re3 {[%emt 0:00:42]} Kf6 {[%emt 0:00:54]} 47. Kh2 {[%emt 0:01:12]} h6 {[%emt 0:00:18]} 48. Kg3 {[%emt 0:00:04]} Bd5 {[%emt 0:00:46]} 49. Bxd5 {[%emt 0:00:40]} Rxd5 {[%emt 0:00:03]} 50. h4 $11 {[%emt 0:00:46]} h5 {[%emt 0:00:56]} 51. Rf3 {[%emt 0:00:31]} Rd1 {[%emt 0:00:16]} 52. Kg2 {[%emt 0:00:36]} Kf5 {[%emt 0:00:09]} 53. Rg3 {[%emt 0:00:35]} Rd2+ {[%emt 0:00:06]} 54. Kg1 {[%emt 0:00:34]} Rd6 {[%emt 0:00:10]} 55. Rg5+ {[%emt 0:00:28]} Kxf4 {[%emt 0:00:07]} 56. Kf2 {[%emt 0:00:13]} Ra6 {[%emt 0:00:46]} 57. Ke2 {[%emt 0:00:32]} Ra2+ {[%emt 0:00:19]} 58. Kd3 {[%emt 0:00:09]} Rh2 {[%emt 0:00:18]} 59. Rxg6 {[%emt 0:00:12]} Rxh4 {[%emt 0:00:09]} 60. Ra6 {[%emt 0:01:02]} Rh2 {[%emt 0:00:58]} 61. Ra4+ {[%emt 0:00:19]} Kf3 {[%emt 0:00:09]} 62. Ra8 {[%emt 0:00:40]} Rf2 {[%emt 0:01:20]} 63. Rf8+ {[%emt 0:00:37]} Kg3 {[%emt 0:00:21]} 64. Rg8+ {[%emt 0:00:06]} Kh3 {[%emt 0:00:06]} 65. Ke3 {[%emt 0:00:19]} Rf7 {[%emt 0:00:11]} 66. Ke2 {[%emt 0:00:40]} h4 {[%emt 0:00:04]} 67. Ke1 {[%emt 0:00:30]} Kh2 {[%emt 0:01:40]} 68. Ke2 {[%emt 0:00:29]} h3 {[%emt 0:00:04]} 69. Ke1 {[%emt 0:00:23]} Rf3 {[%emt 0:00:22]} 70. Ke2 {[%emt 0:00:28]} Rg3 {[%emt 0:00:14]} 71. Ra8 {[%emt 0:00:26]} Kg2 {[%emt 0:00:29]} 72. Rf8 {[%emt 0:00:58]} h2 {[%emt 0:00:08]} 73. Rf2+ {[%emt 0:00:16]} Kh3 {[%emt 0:00:28]} 74. Rf1 {[%emt 0:00:34]} Rg1 {[%emt 0:00:07]} 75. Rf8 {[%emt 0:01:07]} h1=Q {[%emt 0:00:24]} 76. Rh8+ {[%emt 0:00:27]} Kg4 {[%emt 0:00:04]} 77. Rxh1 {[%emt 0:00:18]} Rxh1 {[%emt 0:00:03]} 0-1

[Event "Bicaz City Cup 2020"]
[Site "Bicaz"]
[Date "2020.03.07"]
[Round "5.19"]
[White "Russeva, Viktoria"]
[Black "Tufa, Mihai"]
[Result "0-1"]
[WhiteElo "1550"]
[BlackElo "1835"]
[Annotator "NA RC"]
[PlyCount "114"]
[EventDate "2020.03.05"]
[EventType "swiss"]
[EventCountry "ROU"]
[SourceTitle "playchess.com"]
[Source "ChessBase"]
[SourceQuality "1"]
[TimeControl "5400+30"]

1. e4 {[%emt 0:00:00]} c5 {[%emt 0:00:00]} 2. c3 {[%emt 0:00:00]} Nf6 {[%emt 0:00:06]} 3. e5 {[%emt 0:00:08]} Nd5 {[%emt 0:00:14]} 4. d4 {[%emt 0:00:30]} cxd4 {[%emt 0:00:13]} 5. cxd4 {[%emt 0:00:03]} e6 {[%emt 0:00:49]} 6. Nf3 {[%emt 0:00:43]} Nc6 {[%emt 0:05:20]} 7. Bc4 {[%emt 0:00:55]} Nb6 {[%emt 0:02:59]} 8. Bd3 {[%emt 0:03:13]} d6 {[%emt 0:01:02]} 9. O-O {[%emt 0:01:15]} Nb4 {[%emt 0:07:00]} 10. Bb5+ {[%emt 0:03:19]} Bd7 {[%emt 0:00:17]} 11. Bxd7+ {[%emt 0:00:11]} Qxd7 {[%emt 0:00:17]} 12. Nc3 {[%emt 0:01:08]} d5 {[%emt 0:06:18]} 13. Bd2 {[%emt 0:04:26]} Nc4 {[%emt 0:01:19]} 14. b3 {[%emt 0:01:53]} Nxd2 {[%emt 0:00:43]} 15. Qxd2 {[%emt 0:00:03]} Nc6 {[%emt 0:04:13]} 16. Qb2 {[%emt 0:06:33]} Be7 {[%emt 0:01:04]} 17. Rac1 {[%emt 0:00:41]} O-O {[%emt 0:01:01]} 18. Na4 {[%emt 0:01:35]} b6 {[%emt 0:01:05]} 19. Qd2 {[%emt 0:10:22]} Ba3 {[%emt 0:03:15]} 20. Rc2 {[%emt 0:02:42]} Nb4 {[%emt 0:02:12]} 21. Rc3 {[%emt 0:00:28]} Rfc8 {[%emt 0:00:52]} 22. Nh4 {[%emt 0:01:47]} Rxc3 {[%emt 0:05:55]} 23. Nxc3 {[%emt 0:00:20]} Rc8 {[%emt 0:13:39]} 24. Nb1 {[%emt 0:06:14]} Rc2 {[%emt 0:00:13]} 25. Qe1 {[%emt 0:00:37]} Rc1 {[%emt 0:00:52]} 26. Qd2 {[%emt 0:01:36]} Rxf1+ {[%emt 0:08:29]} 27. Kxf1 {[%emt 0:00:04]} Qb5+ {[%emt 0:00:46]} 28. Kg1 {[%emt 0:00:23]} Qa6 {[%emt 0:03:07]} 29. h3 {[%emt 0:01:27]} h6 {[%emt 0:03:27]} 30. f4 {[%emt 0:01:42]} b5 {[%emt 0:00:43]} 31. f5 {[%emt 0:03:23]} Nc6 32. Nxa3 Qxa3 33. fxe6 fxe6 {[%emt 0:06:13]} 34. Qc3 {[%emt 0:01:45]} Ne7 {[%emt 0:01:54]} 35. Qc7 {[%emt 0:07:45]} Kf7 {[%emt 0:00:14]} 36. Qc2 {[%emt 0:00:19]} a5 {[%emt 0:01:26]} 37. Qe2 {[%emt 0:03:07]} Qc1+ {[%emt 0:02:37]} 38. Qf1+ {[%emt 0:00:14]} Qxf1+ {[%emt 0:00:25]} 39. Kxf1 {[%emt 0:00:02]} Nc6 {[%emt 0:02:03]} 40. Nf3 {[%emt 0:00:09]} a4 {[%emt 0:04:36]} 41. bxa4 {[%emt 0:02:18]} bxa4 {[%emt 0:00:09]} 42. a3 {[%emt 0:00:26]} Na5 {[%emt 0:00:27]} 43. Ne1 {[%emt 0:01:23]} Nc4 {[%emt 0:02:41]} 44. Nc2 {[%emt 0:00:10]} Ke7 {[%emt 0:00:42]} 45. Ke2 {[%emt 0:00:41]} Kd7 {[%emt 0:00:07]} 46. Kd3 {[%emt 0:01:32]} Kc6 {[%emt 0:00:09]} 47. Kc3 {[%emt 0:00:21]} Kb5 48. Kd3 Nb2+ 49. Kc3 Nc4 {[%emt 0:04:44]} 50. Kd3 {[%emt 0:01:23]} h5 {[%emt 0:00:53]} 51. Kc3 {[%emt 0:01:17]} g5 {[%emt 0:00:39]} 52. Kd3 {[%emt 0:00:20]} Nxa3 {[%emt 0:03:25]} 53. Nxa3+ {[%emt 0:00:05]} Kb4 {[%emt 0:02:39]} 54. Nb1 {[%emt 0:03:59]} a3 {[%emt 0:00:40]} 55. Nc3 {[%emt 0:00:21]} Kb3 {[%emt 0:00:15]} 56. Na2 {[%emt 0:00:31]} Kxa2 {[%emt 0:00:26]} 57. Kc2 {[%emt 0:00:07]} h4 {[%emt 0:00:12]} 0-1

[Event "Bicaz City Cup 2020"]
[Site "Bicaz"]
[Date "2020.03.07"]
[Round "5.20"]
[White "Lupu, Ovidiu"]
[Black "Covaci, Stefan"]
[Result "1-0"]
[WhiteElo "2009"]
[BlackElo "1698"]
[Annotator "TA"]
[PlyCount "49"]
[EventDate "2020.03.05"]
[EventType "swiss"]
[EventCountry "ROU"]
[SourceTitle "playchess.com"]
[Source "ChessBase"]
[SourceQuality "1"]

{[%evp 9,49,-8,5,10,18,4,53,34,109,101,100,42,155,68,69,72,70,10,33,15,50,14,67,34,50,0,0,-31,15,7,12,0,382,368,430,418,412,407,392,353,445,431]} 1. d4 d5 2. Nc3 g6 3. Bf4 c6 4. e3 Bg7 5. h4 h5 6. Nf3 {D00: 1 d4 d5: Unusual lines.} Bg4 7. Qd2 {[#]} Nf6 $146 ({Predecessor:} 7... Nd7 8. Ne5 Nxe5 9. dxe5 Nh6 10. f3 Be6 11. O-O-O Qc7 12. e4 dxe4 13. Nxe4 Bxe5 14. Bxe5 Qxe5 {½-½ (56) Gilevich,A (2437)-Valsecchi,A (2504) Padova 2019}) 8. Ne5 {White is slightly better.} Ne4 (8... Bf5 $14) 9. Nxe4 $16 dxe4 10. Bc4 (10. Nxg4 $16 hxg4 11. Be2) 10... e6 {[#]} (10... Bxe5 $1 $14 11. Bxe5 O-O) 11. Nxg4 (11. f3 $1 $16 {[%cal Rf3g4]} Bf5 12. Qb4) 11... hxg4 $14 12. Bg3 Nd7 13. Qb4 ({White should try} 13. O-O-O $14) 13... Nb6 14. Be2 f5 15. Qb3 Qd7 ({Better is} 15... Qd5 $11) 16. a4 Qd5 17. Qc3 (17. c4 $5 {[%cal Rc4d5]} Qa5+ 18. Kf1 $14) 17... a5 $1 18. b3 Rc8 19. Rd1 Bf8 {aiming for ...Bb4.} 20. Qb2 $36 {[%mdl 2048] White has some pressure.} Bd6 $2 {[%mdl 8192] [#]} (20... Kf7 $11 {and Black has nothing to worry.}) 21. Bc4 $1 $18 {[%cal Rc4d5][%mdl 512]} Bb4+ (21... Nxc4 22. bxc4) 22. c3 Nxc4 23. bxc4 Qxc4 24. cxb4 axb4 25. Rc1 {Accuracy: White = 51%, Black = 49%.} 1-0

[Event "Bicaz City Cup 2020"]
[Site "Bicaz"]
[Date "2020.03.08"]
[Round "6.1"]
[White "Manolache, Marius"]
[Black "Svetushkin, Dmitry"]
[Result "1/2-1/2"]
[WhiteElo "2541"]
[BlackElo "2504"]
[Annotator "TA"]
[PlyCount "23"]
[EventDate "2020.03.05"]
[EventType "swiss"]
[EventCountry "ROU"]
[SourceTitle "playchess.com"]
[Source "ChessBase"]
[SourceQuality "1"]

{[%evp 10,23,35,0,14,12,12,12,12,16,17,18,16,-7,11,-1]} 1. d4 d5 2. Nf3 Nf6 3. c4 c6 4. e3 Bf5 5. Nc3 e6 6. h3 (6. Nh4 {seems wilder.} Bg4 7. Qb3 b6 8. h3 Bh5 9. cxd5 Nxd5 10. Nf3) 6... h6 {The position is equal. D12: Slav Defence: 3 Nf3 Nf6 4 e3 Bf5.} 7. Bd3 Bxd3 8. Qxd3 Nbd7 9. O-O Bb4 10. Bd2 a5 11. b3 O-O {[#]} 12. a3 $146 {A rather calm draw.} ({Predecessor:} 12. Rfd1 Qe7 13. Bc1 Bxc3 14. Qxc3 Ne4 15. Qd3 f5 16. Nd2 Qh4 17. Qf1 g5 18. f3 Nxd2 19. Bxd2 {0-1 (29) Gresova,Z (2008)-Pechac,J (2471) Skalica 2019}) 1/2-1/2

[Event "Bicaz City Cup 2020"]
[Site "Bicaz"]
[Date "2020.03.08"]
[Round "6.2"]
[White "Filip, Andrei"]
[Black "Istratescu, Andrei"]
[Result "0-1"]
[WhiteElo "2103"]
[BlackElo "2550"]
[Annotator "TA"]
[PlyCount "114"]
[EventDate "2020.03.05"]
[EventType "swiss"]
[EventCountry "ROU"]
[SourceTitle "playchess.com"]
[Source "ChessBase"]
[SourceQuality "1"]

{[%evp 20,114,0,-14,0,0,47,44,41,36,42,40,43,25,60,58,45,17,33,36,52,36,31,0,37,0,0,0,98,111,111,45,46,0,0,0,0,0,0,-50,-47,-47,-47,-58,-53,-78,-78,-85,-83,-83,-25,-94,-83,-92,-83,-108,-102,-170,-160,-165,-164,-199,-193,-195,-193,-377,-373,-375,-358,-372,-366,-329,-325,-317,-324,-325,-324,-272,-255,-262,-263,-216,-215,-321,-319,-325,-314,-684,-648,-853,-778,-795,-794,-712,-642,-576,-524]} 1. d4 g6 2. e4 Bg7 3. Nc3 c5 4. Nf3 cxd4 5. Nxd4 Nc6 6. Be3 Nf6 7. Nxc6 bxc6 8. e5 Ng8 9. f4 f6 10. Bd4 Qa5 11. Qe2 fxe5 {B34: Sicilian: Accelerated Dragon with 5 Nc3: sidelines.} 12. Bxe5 Bxe5 (12... Nf6 {keeps more tension.} 13. Qc4 Qb6 14. Na4 Qe3+ 15. Be2 Ne4) 13. Qxe5 Qxe5+ {White is slightly better.} 14. fxe5 Nh6 15. O-O-O Rf8 16. Bd3 {[#]} Rb8 $146 ({Predecessor:} 16... Ng4 17. Rhe1 Rb8 18. h3 Nf2 19. Rd2 {1-0 (19) Ottenweller,W (1553)-Seiler,P (1927) LSS email 2009}) 17. h3 Rb4 18. Be4 Rc4 19. Rhe1 Rc5 20. Na4 Ra5 21. Nc3 Rc5 $1 22. Na4 Ra5 $1 {[%cal Ra5a4]} 23. Nc3 e6 {[#]} (23... Rc5 $1 $11 {remains equal.}) 24. b4 $1 $16 {[%cal Rb4a5]} Ra6 25. a4 (25. Bd3 $16) 25... Rb6 $14 26. b5 cxb5 27. Nxb5 Nf7 28. Nxa7 Ba6 29. Bd3 Bxd3 30. Rxd3 Ra6 31. Nc8 Rxa4 32. Kd2 Ra5 33. Nd6+ Nxd6 34. exd6 $17 {[%mdl 4096] Endgame KRR-KRR} Rc5 ({Black should play} 34... Rf2+ $17 35. Re2 Rf4) 35. Re2 (35. Ra1 $11) 35... Rff5 {Black converts the advantage convincingly.} 36. Ke1 Kf7 37. g4 Rf4 38. Kd1 (38. Ra3 $17 {keeps fighting.}) 38... e5 39. Red2 Ke6 40. Ke2 Rfc4 41. Kd1 Rc3 42. Kc1 $2 {[#]} (42. Rf2 {might work better.}) 42... e4 $19 43. Rd4 R5c4 44. Rxc4 Rxc4 {KR-KR} 45. Re2 Kxd6 46. Kd2 Ke6 47. Rf2 d5 48. Rf8 Rc7 49. c3 Rf7 50. Re8+ Kd6 51. Rd8+ (51. c4 $142) 51... Ke5 52. Re8+ Kf4 53. Ke2 $2 (53. Re6) 53... Rc7 {Black is clearly winning.} 54. Rf8+ Kg3 55. Rd8 Rc5 56. Rd7 Kxh3 57. Rxh7+ Kxg4 {Accuracy: White = 60%, Black = 90%.} 0-1

[Event "Bicaz City Cup 2020"]
[Site "Bicaz"]
[Date "2020.03.08"]
[Round "6.3"]
[White "Soltanici, Ruslan"]
[Black "Andronescu, Madalin"]
[Result "1-0"]
[WhiteElo "2403"]
[BlackElo "2148"]
[Annotator "TA"]
[PlyCount "47"]
[EventDate "2020.03.05"]
[EventType "swiss"]
[EventCountry "ROU"]
[SourceTitle "playchess.com"]
[Source "ChessBase"]
[SourceQuality "1"]

{[%evp 22,47,50,54,132,141,137,127,129,135,170,176,170,167,268,272,258,265,488,505,494,439,1104,1054,1049,1015,1507,1487]} 1. e4 c5 2. Nc3 Nc6 3. Nf3 g6 4. d4 cxd4 5. Nxd4 Bg7 6. Be3 Nf6 7. Bc4 O-O 8. Bb3 d6 9. h3 Bd7 10. O-O Qa5 11. f4 Qh5 12. Nf3 {[#]} Bxh3 $146 {B35: Sicilian: Accelerated Dragon with 5 Nc3: main line.} (12... b5 $14) ({Predecessor:} 12... b5 13. a3 a5 14. Qd3 a4 15. Bd5 Nxd5 16. exd5 Na5 17. Bd4 Qh6 18. Rae1 Rfe8 19. Nxb5 Rac8 20. b3 {1-0 (38) Polgar,J (2630)-Kamsky,G (2695) Buenos Aires 1994}) 13. gxh3 $16 Qxh3 {White should prevent ...Ng4.} 14. Qd2 Ng4 {White is better.} 15. Rae1 {[%cal Ba1e1,Be1e3,Be3h3][%mdl 32]} Nxe3 16. Rxe3 Qg3+ 17. Qg2 Qxf4 (17... Qxg2+ $142 18. Kxg2 Rac8) 18. Nd5 $18 Qh6 {intending ...e6.} 19. c3 {Ng5 is the strong threat.} e6 $2 (19... Bf6 20. Re2 Rad8 21. Nxf6+ exf6) 20. Ng5 {White is clearly winning.} exd5 21. Rh3 {[%mdl 64] [#] Zwischenzug} Bd4+ (21... Ne7 $142 22. Rxh6 Bxh6 23. exd5 Rad8) 22. cxd4 Qg7 23. Bxd5 Qxd4+ 24. Kh1 {Black did not feel at home in the position after the opening. Accuracy: White = 100%, Black = 20%.} 1-0